Holografická interferometria v experimentálnej mechanike /
Gespeichert in:
| Hauptverfasser: | , |
|---|---|
| Format: | Buch |
| Sprache: | Slowakisch |
| Veröffentlicht: |
Bratislava :
Veda,
1986
|
| Ausgabe: | 1.vyd. |
| Tags: |
Keine Tags, Fügen Sie das erste Tag hinzu!
|
MARC
| LEADER | 00000nam a22000003a 4500 | ||
|---|---|---|---|
| 001 | stu7436 | ||
| 005 | 20230512120038.1 | ||
| 008 | 950316s1986----cs------------------slo-d | ||
| 040 | |a STU |b slo | ||
| 041 | 0 | |a slo | |
| 044 | |a cs | ||
| 080 | |a 531.715.1 | ||
| 080 | |a 535.411 | ||
| 080 | |a 778.38 | ||
| 100 | 1 | |a Szabó, Vendelín |4 aut | |
| 245 | 1 | |a Holografická interferometria v experimentálnej mechanike / |c [aut.] Balaš,Jan; Szabó,Vendelín | |
| 250 | |a 1.vyd. | ||
| 260 | |a Bratislava : |b Veda, |c 1986 | ||
| 300 | |a 300 s | ||
| 700 | 1 | |a Balaš, Ján |4 aut | |
| 996 | |b E61303 |c E*61303 |l EE15 |s P |a 0 |w stu7436_0001 | ||
| 996 | |b 284V036906 |c V* 52235/O-23396 |l VVT |s A |a 24 |w stu7436_0003 | ||